Nuno e Carolina e o relógio das 4 estações (Registo nº 2047)

Detalhes MARC
000 -Etiqueta do registo
Cabeçalho 00953nam a22003011 4500
005 - Identificador da versão
Campo de controlo 20240813121923.0
095 ## -
-- PTBN00042030
021 ## - Número do Depósito Legal
Código do país PT
Número 6686/85
100 ## - Dados gerais de processamento
Dados gerais de processamento 19940930d1985 cd y0pory5003 ba
102 ## - Pais de publicação ou produção
País de publicação Portugal
101 1# - Língua de publicação
Língua do texto, banda sonora, etc. Português
106 ## - Campo de dados codificados: material textual
Dados codificados do material textual r
105 ## - Campo de dados codificados: livros
Dados codificados dos livros a z 000fy
215 ## - Descrição física 
Indicação específica da natureza do documento e extensão da espécie [24] p.
Outras indicações físicas muito il.
Dimensões 28 cm
200 1# - Titulo e menção de responsabilidade
Título próprio Nuno e Carolina e o relógio das 4 estações
Primeira menção de responsabilidade Satomi Ichikawa
Outras menções de responsabilidade história de Marie-France Mangin
-- versão port. António Manuel Couto Viana
225 2# - Colecção 
Título próprio da colecção Nuno e Carolina
Indicação de volume 3
210 ## - Publicação, Distribuição, etc. 
Lugar da edição, distribuição, etc. [Lisboa]
Nome do editor, distribuidor, etc. Difusão Verbo
Data da publicação, distribuição, etc. D.L. 1985
606 ## - Nome comum usado como assunto
Número de registo de entrada de autoridade 0000001
Palavra de ordem Literatura estrangeira infantil
Subdivisão de assunto Conto
675 ## - Classificação Decimal Universal (CDU)
Notação 82-34
Edição
Língua da edição por
702 #1 - Nome de autor-pessoa física (responsabilidade secundária)
Número de registo de entrada de autoridade 0000322
Palavra de ordem Viana
Outra parte do nome não tomada para palavra de ordem António Manuel Couto
Datas 1923-
Código de função Tradutor
701 #1 - Nome de autor-pessoa física (co-responsabilidade principal)
Palavra de ordem Mangin
Outra parte do nome não tomada para palavra de ordem Marie-France
Código de função Autor / Co-autor
700 #1 - Nome de autor-pessoa física (responsabilidade principal)
Número de registo de entrada de autoridade 0000778
Palavra de ordem Ichikawa
Outra parte do nome não tomada para palavra de ordem Satomi
942 ## - Elementos de entrada adicionados (Koha)
Tipo de item no Koha Livro
Exemplares
Situação do levantamento Origin of item (home branch) (coded) Biblioteca de empréstimo Código de barras Cota Circulation type (not for loan) Tipo de documento Nota do exemplar Damaged status
  Biblioteca Escolar da Coca Maravilhas Biblioteca Escolar da Coca Maravilhas BECM2251/94 8EST ICH   Livro Sem mensagem